Descomposition in terrestrial ecosystems

Gardado en:
Detalles Bibliográficos
Main Authors: Swift, Michael John (Author), Heal, O. W (Author), Anderson, Jonathan Michael (Author)
Formato: Libro
Idioma:inglés
Publicado: Oxford Blackwell Scientific 1979
Series:Studies in Ecology, 5
Subjects:
Tags: Engadir etiqueta
Sen Etiquetas, Sexa o primeiro en etiquetar este rexistro!

MARC

LEADER 00000nam a2200000 a 4500
001 UCU2981
003 CL-VaPUC
008 960502e19790000UK |||||||||||||||||eng|d
082 0 4 |a 577  |b SWI  |2 21 
100 0 |a Swift, Michael John  |e author  |9 359608 
700 0 |a Heal, O. W  |e author  |9 359609 
700 0 |a Anderson, Jonathan Michael  |e author  |9 359610 
245 1 0 |a Descomposition in terrestrial ecosystems 
300 |a 372 p 
942 |c BK 
945 |d 19960502 00:00:00  |a rleighto 
260 |a Oxford  |b Blackwell Scientific  |c 1979 
650 0 |a Ecología   |9 258124 
650 7 |a DEGRADACION  |2 CL-VaPUC  |9 358038 
650 0 |a Ecosistemas  |9 261477 
650 7 |a HUMUS  |2 CL-VaPUC  |9 264367 
650 7 |a OXIGENO  |2 CL-VaPUC  |9 358321 
650 7 |a TEMPERATURA  |2 CL-VaPUC  |9 359611 
650 0 |a Clima  |9 265281 
583 |a last modification  |c 19960502 00:00:00  |k Rodrigo Vera 
490 0 |a Studies in Ecology, 5 
999 |c 247131  |d 247129 
952 |0 0  |1 0  |4 0  |6 577_000000000000000_SWI_1979  |7 0  |8 A  |9 262757  |a BIBCUR  |b BIBCUR  |d 2019-11-19  |i 3197042  |o 577 SWI 1979  |p 3197042  |r 2025-04-22  |w 2019-11-19  |y BK  |k BCB